Bitter legacy : ideology and politics in the Arab world /

محفوظ في:

المؤلف الرئيسي: Salem, Paul (مؤلف)

التنسيق: كتاب

اللغة: English

منشور في: Syracuse, N.Y. : Syracuse University Press, 1994.

الطبعة: 1st ed.

سلاسل: Contemporary issues in the Middle East.

الموضوعات:

الوسوم: إضافة وسم

لا توجد وسوم, كن أول من يضع وسما على هذه التسجيلة!

رقم الطلب: DS63.1 .S255 1994

LEADER 01144nam a2200313 a 4500
001 11222
003 OSt
005 20241017083724.0
008 130303s1994 nyu b 001 0 eng d
952 |0 0  |1 0  |2 lcc  |4 0  |6 DS00631 S255 01994  |7 1  |9 16176  |a ARCE  |b ARCE  |d 2021-06-16  |l 0  |o DS63.1 .S255 1994  |p 1009450  |r 2021-06-16 00:00:00  |w 2021-06-16  |y BK 
999 |c 12684  |d 12684 
010 |a 94006775 
020 |a 0815626282 (alk. paper) 
020 |a 0815626290 (pbk. : alk. paper) 
040 |c ARCE Library 
043 |a ma----- 
050 4 |a DS63.1 .S255 1994 
100 1 |a Salem, Paul,  |e author 
245 1 0 |a Bitter legacy :  |b ideology and politics in the Arab world /  |c Paul Salem. 
250 |a 1st ed. 
264 1 |a Syracuse, N.Y. :  |b Syracuse University Press,  |c 1994. 
300 |a xii, 302 pages ;   |c 24 cm. 
490 0 |a Contemporary issues in the Middle East. 
504 |a Includes bibliographical references (pages 279-288) and index. 
650 0 |a Ideology  |z Arab countries. 
650 0 |a Political science  |z Arab countries  |x History  |y 20th century. 
651 0 |a Arab countries  |x Politics and government  |y 1945- 
901 |a reviewed 
942 |c BK  |2 lcc